Normal view
MARC view
Entry Personal Name
001 - CONTROL NUMBER
- control field: 308523
003 - CONTROL NUMBER IDENTIFIER
- control field: DLC
005 - DATE AND TIME OF LATEST TRANSACTION
- control field: 20250515154854.0
008 - FIXED-LENGTH DATA ELEMENTS
- fixed length control field: 220107n| azannabbn |n aaa
010 ## - LIBRARY OF CONGRESS CONTROL NUMBER
- LC control number: n 2022001294
040 ## - CATALOGING SOURCE
- Original cataloging agency: DLC
- Language of cataloging: eng
- Description conventions: rda
- Transcribing agency: DLC
- Modifying agency: MY-SjTCS
100 1# - HEADING--PERSONAL NAME
- Personal name: Burgess, Nicola
374 ## - OCCUPATION
- Occupation: College teachers
- Source of term: lcsh
375 ## - GENDER
- Gender: female
377 ## - ASSOCIATED LANGUAGE
- Language code: eng
670 ## - SOURCE DATA FOUND
- Source citation: Operations management, 2022:
- Information found: ECIP title page (Nicola Burgess) galley (Dr Nicola Burgess is a Reader at Warwick Business School)